01016cam a2200193Ia 4500020001500000020001800015040000800033082002600041245015500067260008900222300002800311490002400339500034500363650001000708650001000718700001700728700001500745710006200760 a094951165X a9780949511652 cAGL04a631 AUS 1988 A049 Or.00aBulk handling and storage of grain in the humid tropics :bproceedings of an international workshop held at Kuala Lumpur, Malaysia, 6-9 October 1987 / aCanberra, A.C.T. :bAustralian Centre for International Agricultural Research,c1988 a295 p. :bill. ;c24 cm1 aACIAR proceedings ; a"Sponsored by: Australian Centre for International Agricultural Research (ACIAR); ASEAN-EEC Regional Collaborative Programme on Grains Postharvest Technology; ASEAN Grains Working Group; Malaysian Agricultural Research and Development Institute (MARDI); National Paddy and Rice Authority (LPN), Malaysia; ASEAN Food Handling Bureau (AFHB)." 0aGrain 0aGrain1 aChamp, B. R.1 aHighley, E2 aAustralian Centre for International Agricultural Research